Statistics for Mars Rovers

Click here to take the quiz!

General Stats

  • This quiz has been taken 7 times
  • The average score is 3 of 5

Answer Stats

Answer% Correct
Curiosity
100%
Opportunity
80%
Spirit
80%
Sojourner
60%
Mars 2020
20%

Score Distribution

Percentile by Number Answered

Percent of People with Each Score

Your Score History

You have not taken this quiz